|
|
|
|
| LEADER |
00000nam0a2200000 4500 |
| 001 |
315475 |
| 005 |
20231102002801.0 |
| 035 |
|
|
|a (RuTPU)RU\TPU\book\340911
|
| 090 |
|
|
|a 315475
|
| 100 |
|
|
|a 20160302d1923 m y0rusy50 ca
|
| 101 |
0 |
|
|a rus
|
| 102 |
|
|
|a UA
|
| 105 |
|
|
|a y j 000zy
|
| 200 |
1 |
|
|a Теория исторического материализма
|e популярный учебник марксистской социологии
|f Н. И. Бухарин
|
| 210 |
|
|
|a Симферополь
|c Государственное издательство Украины
|d 1923
|
| 215 |
|
|
|a 304 с.
|c ил.
|
| 600 |
|
1 |
|a Бухарин
|b Н. И.
|c российский политический деятель
|c академик АН СССР
|f 1888-1938
|g Николай Иванович
|2 stltpush
|3 (RuTPU)RU\TPU\pers\7
|9 6
|
| 606 |
1 |
|
|a Исторический материализм
|x Категории
|2 stltpush
|3 (RuTPU)RU\TPU\subj\13275
|9 39913
|
| 610 |
1 |
|
|a философия
|
| 610 |
1 |
|
|a коммунизм
|
| 610 |
1 |
|
|a диктатура
|
| 610 |
1 |
|
|a пролетариат
|
| 610 |
1 |
|
|a Советская власть
|
| 610 |
1 |
|
|a национальный вопрос
|
| 610 |
1 |
|
|a пролетарские суды
|
| 610 |
1 |
|
|a интернационал
|
| 610 |
1 |
|
|a капитал
|
| 610 |
1 |
|
|a капиталистическая система хозяйства
|
| 610 |
1 |
|
|a империализм
|
| 610 |
1 |
|
|a сельское хозяйство
|
| 610 |
1 |
|
|a религии
|
| 610 |
1 |
|
|a промышленность
|
| 610 |
1 |
|
|a коммунистическое строительство
|
| 610 |
1 |
|
|a советская коммунистическая система
|
| 610 |
1 |
|
|a жилищное хозяйство
|
| 610 |
1 |
|
|a финансы
|
| 610 |
1 |
|
|a СССР
|
| 610 |
1 |
|
|a 20 век
|
| 610 |
1 |
|
|a учебники
|
| 686 |
|
|
|a Ю6я73
|v LBC/SL-A
|2 rubbk
|
| 700 |
|
1 |
|a Бухарин
|b Н. И.
|c российский политический деятель
|c академик АН СССР
|f 1888-1938
|g Николай Иванович
|2 stltpush
|3 (RuTPU)RU\TPU\pers\7
|9 6
|
| 801 |
|
1 |
|a RU
|b 63413507
|c 20160302
|
| 801 |
|
2 |
|a RU
|b 63413507
|c 20160404
|g RCR
|
| 942 |
|
|
|c BK
|